• 首页
  • 本馆介绍
  • 公告通知
  • 最新文献
  • 馆藏检索
  • 电子资源
  • 读者导购
  • 参考咨询
  • 我的图书馆
  • 登录
  • 详细信息显示
  • 放入我的书架
  • 预约/预借图书
  • 作者相关作品
  • 分类相关作品
  • 丛书相关作品
  • 出版社相关作品

书目信息

  • 表格格式
  • 工作单格式
  • 卡片格式
题名:
地基承载力试验研究文集
    
 
作者: ;铁道部科学研究院 , 铁道部第三设计院 主编
分册:  
出版信息: 北京   人民铁道出版社  1978
页数: 172页
开本: 26cm
丛书名:
单 册:
中图分类: U213.1
科图分类:
主题词: 铁路地基-地基承载力--试验--文集 , 地基承载力-铁路地基--试验--文集
电子资源:
ISBN:
000 00787nam0 2200241 45
001 0178005320
005 20061127082153.15
010    @dCNY1.05
091    @aCN@b15043.6122
100    @a19950727d1978 kemy0chiy0121 ea
101 0  @achi
102    @aCN@b110000
105    @ay z 000yy
200 10 @a地基承载力试验研究文集@Adi ji cheng zai li shi yan yan jiu wen ji@f铁道部科学研究院,铁道部第三设计院主编
210    @a北京@c人民铁道出版社@d1978
215    @a172页@d26cm
606    @a铁路地基-地基承载力@x试验@x文集
606    @a地基承载力-铁路地基@x试验@x文集
690    @aU213.1@v3
711 02 @a铁道部科学研究院@Atie dao bu ke xue yan jiu yuan@4主编
711 02 @a铁道部第三设计院@Atie dao bu di san she ji yuan@4主编
801  0 @aCN@bTSSF@c20061127
905    @a10447@dU213.1@e2
    
    地基承载力试验研究文集/铁道部科学研究院,铁道部第三设计院主编.-北京:人民铁道出版社,1978
    172页;26cm
    
    
    ISBN :CNY1.05
    
●
相关链接 在E读中查询图书 在五车中查询图书 在当当中查询图书 在豆瓣中查询图书


正题名:地基承载力试验研究文集     索取号:U213.1/2         预约/预借

序号 登录号 条形码 馆藏地/架位号 状态 备注
1 0002589   001483488   第二样本阅览室/ [索取号:U213.1/2] 在馆    
唐山师范学院图书馆 欢迎您!
大连网信软件有限公司© 版权所有